000 00248nam a2200097Ia 4500
008 220204s9999 xx 000 0 und d
082 _a82-36TIN
_bHER
245 4 _aThe Adventures of Tintin: The secret of the Unicorn
260 _aMagnet
942 _cBK
999 _c37922
_d37922